| 000 | 00000nam##2200000za#4500 |
| 001 | 9.637781 |
| 003 | CaOODSP |
| 005 | 20231123085136 |
| 007 | cr ||||||||||| |
| 008 | 150407|2001||||xxc|||||o f|0| 0 fre|d |
| 040 | |aCaOODSP|bfre |
| 043 | |an-cn--- |
| 086 | 1 |aE2-440/2001F-PDF |
| 110 | 1 |aCanada. |bAffaires étrangères et commerce international Canada. |
| 245 | 10|aTraverser l'Atlantique : |h[ressource électronique]|bélargir les relations économiques entre le Canada et l'Europe |
| 246 | 1 |aRéponse du gouvernement au cinquième rapport du Comité permanent des affaires étrangères et du commerce international |
| 260 | |bAffaires étrangères et Commerce international |c[2001]. |
| 300 | |a28p. |
| 520 | 3 |aCe rapport présente la réponse du gouvernement aux recommandations formulées dans le document intitulé Traverser l’Atlantique : Élargir les relations économiques entre le Canada et l’Europe. On y aborde notamment les sujets suivants : améliorer l’image du Canada afin de promouvoir les investissements européens; promouvoir le commerce et l’investissement, et abaisser les barrières commerciales en Europe; conclure un accord de libre-échange avec l’Union européenne; amorcer de nouvelles négociations commerciales multilatérales sous l’égide de l’Organisation mondiale du commerce; élargir les relations bilatérales Canada-Union européenne; et évaluer l’incidence de l’élargissement de l’Union européenne. |
| 590 | |a10-06-Supp|b2010-07-26 |
| 691 | 07|aAffaires étrangères|2gcpds |
| 691 | 07|aCommerce extérieur|2gcpds |
| 691 | 07|aRelations commerciales|2gcpds |
| 775 | 08|tCrossing the Atlantic : |w(CaOODSP)9.693606 |
| 776 | 0#|tGovernment response to the fifth report of the Standing Committee on Foreign Affairs and International Trade : |w(CaOODSP)9.663431 |
| 776 | 0#|tRéponse du gouvernement au cinquième rapport du Comité permanent des affaires étrangères et du commerce international : |w(CaOODSP)9.663432 |
| 856 | 40|ahttp://publications.gc.ca|qPDF|s549 Ko|uhttps://publications.gc.ca/collections/Collection/E2-440-2001F.pdf |